| 000 | 00635nam a22002057a 4500 | ||
|---|---|---|---|
| 999 |
_c7827 _d7827 |
||
| 003 | BD-JhCC | ||
| 005 | 20181003171108.0 | ||
| 008 | 180214b1977 bg ||||| |||| 00| 0 ben d | ||
| 035 | _a(BD-JhCC) | ||
| 040 |
_aBD-JhCC _dBD-JhCC |
||
| 041 | _aben | ||
| 082 |
_a070.507 _bIBR 1977 |
||
| 100 | _aইব্রাহীম, মুহাম্মদ | ||
| 245 |
_aবিজ্ঞান সাময়িকী / _cমুহাম্মদ ইব্রাহীম |
||
| 260 |
_aঢাকা : _bনিউ নেশন প্রেস, |
||
| 300 |
_a64 p. : _c22 cm. |
||
| 650 | _aScience Magazine | ||
| 942 |
_2ddc _cBK |
||